=LDR 00000nam 2200000 4500 =001 INLIS000000000007354 =005 20130612095352 =008 ***********************************Ind** =035 ##$$0010-061300000007354 =041 ##$$a Ind =082 ##$$a 2x1.13 =090 ##$$a 2x1.13, Jal m =100 ##$$a Jalaluddin =245 ##$$a Metode tujuh silang belajar membaca Al-Qur'an, Drs. Jalaluddin =260 ##$$a 1994 $b Jakarta =300 ##$$a 133 hlm., 21 cm =650 ##$$a Al-Qur'an-Bahasa